|
|
|
|
| LEADER |
01926nam a22003973i 4500 |
| 001 |
EBC6956096 |
| 003 |
MiAaPQ |
| 005 |
20231204023223.0 |
| 006 |
m o d | |
| 007 |
cr cnu|||||||| |
| 008 |
231204s2020 xx o ||||0 spa d |
| 020 |
|
|
|a 9783839448892
|q (electronic bk.)
|
| 020 |
|
|
|z 9783837648898
|
| 035 |
|
|
|a (MiAaPQ)EBC6956096
|
| 035 |
|
|
|a (Au-PeEL)EBL6956096
|
| 035 |
|
|
|a (OCoLC)1247556557
|
| 040 |
|
|
|a MiAaPQ
|b eng
|e rda
|e pn
|c MiAaPQ
|d MiAaPQ
|
| 100 |
1 |
|
|a Lander, Edgardo.
|
| 245 |
1 |
0 |
|a Crisis civilizatoria :
|b Experiencias de los gobiernos progresistas y debates en la izquierda latinoamericana.
|
| 250 |
|
|
|a 1st ed.
|
| 264 |
|
1 |
|a Bielefeld :
|b transcript,
|c 2020.
|
| 264 |
|
4 |
|c ©2020.
|
| 300 |
|
|
|a 1 online resource (177 pages)
|
| 336 |
|
|
|a text
|b txt
|2 rdacontent
|
| 337 |
|
|
|a computer
|b c
|2 rdamedia
|
| 338 |
|
|
|a online resource
|b cr
|2 rdacarrier
|
| 490 |
1 |
|
|a Afrontar las crisis desde América Latina
|
| 505 |
0 |
|
|a Cover -- Índice -- Introducción -- La crisis terminaldel patrón civilizatoriode la modernidad colonial -- Los gobiernos progresistaslatinoamericanos antela crisis civilizatoria -- Los debates de lasizquierdas en torno alas luchas anticapitalistasactuales en América Latina -- Bibliografía -- Autor.
|
| 588 |
|
|
|a Description based on publisher supplied metadata and other sources.
|
| 590 |
|
|
|a Electronic reproduction. Ann Arbor, Michigan : ProQuest Ebook Central, 2023. Available via World Wide Web. Access may be limited to ProQuest Ebook Central affiliated libraries.
|
| 655 |
|
4 |
|a Electronic books.
|
| 700 |
1 |
|
|a Rodríguez, Santiago Arconada.
|
| 776 |
0 |
8 |
|i Print version:
|a Lander, Edgardo
|t Crisis civilizatoria
|d Bielefeld : transcript,c2020
|z 9783837648898
|
| 797 |
2 |
|
|a ProQuest (Firm)
|
| 830 |
|
0 |
|a Afrontar las crisis desde América Latina
|
| 856 |
4 |
0 |
|u https://ebookcentral.proquest.com/lib/matrademy/detail.action?docID=6956096
|z Click to View
|